Syllabus of subjects and examples of papers set at preliminary and professional examinations (Record no. 99794)

MARC details
000 -LEADER
fixed length control field 00748cam a22002055a 4500
001 - CONTROL NUMBER
control field ##J100745
008 - FIXED-LENGTH DATA ELEMENTS--GENERAL INFORMATION
fixed length control field 000000s1911 000 0 eng u
035 ## - SYSTEM CONTROL NUMBER
System control number (Sirsi) u100745
041 0# - LANGUAGE CODE
Language code of text/sound track or separate title eng
050 04 - LIBRARY OF CONGRESS CALL NUMBER
Classification number 333.0062 $2 18
110 2# - MAIN ENTRY--CORPORATE NAME
Corporate name or jurisdiction name as entry element Surveyors' Institution
9 (RLIN) 3783
245 ## - TITLE STATEMENT
Title Syllabus of subjects and examples of papers set at preliminary and professional examinations
Remainder of title February 1911
260 ## - PUBLICATION, DISTRIBUTION, ETC.
Place of publication, distribution, etc. London
Name of publisher, distributor, etc. Surveyors' Institution
Date of publication, distribution, etc. 1911
300 ## - PHYSICAL DESCRIPTION
Extent 109p.
Dimensions 22cm.
350 ## - PRICE (NR) (BK AM CF MU VM SE) [OBSOLETE]
Price 1s. 6p.
520 ## - SUMMARY, ETC.
Summary, etc. Provides example papers of a range of subject area on the syllabus at preliminary, intermediate and professional level.
651 #4 - SUBJECT ADDED ENTRY--GEOGRAPHIC NAME
Geographic name Great Britain
Chronological subdivision 1707-
690 ## - LOCAL SUBJECT ADDED ENTRY--TOPICAL TERM (OCLC, RLIN)
Topical term or geographic name as entry element CAREERS, EDUCATION AND TRAINING-QUALIFICATION ROUTES
942 ## - ADDED ENTRY ELEMENTS (KOHA)
Suppress in OPAC 0
Holdings
Withdrawn status Lost status Source of classification or shelving scheme Damaged status Not for loan Home library Current library Shelving location Date acquired Total Checkouts Full call number Barcode Date last seen Copy number Price effective from Koha item type
    Dewey Decimal Classification     Historic collection Historic collection RICS Boxes 22/10/1999   RICS 1911/8 30059213 06/08/2019 1 06/08/2019 Archive